Códigos de países europeos - Estadísticas

Estadísticas generales
  • Esta prueba ha sido intentada 37 veces
  • La puntuación promedio es 24 de 44
Estadísticas de respuestas
País Código % Correcto
Albania AL
100%
Bélgica BE
94%
Alemania DE
91%
Francia FR
81%
Grecia GR
81%
España ES
78%
Finlandia FI
78%
Austria AT
75%
Hungría HU
75%
Italia IT
75%
Andorra AD
72%
Noruega NO
72%
Rusia RU
72%
San Marino SM
72%
Ciudad del Vaticano VA
72%
Islandia IS
69%
Luxemburgo LU
66%
Portugal PT
66%
Bulgaria BG
63%
Polonia PL
63%
Liechtenstein LI
59%
Rumania RO
59%
Dinamarca DK
56%
Lituania LT
56%
Suecia SE
56%
Malta MT
53%
República Checa CZ
50%
Mónaco MC
50%
Moldavia MD
44%
Eslovaquia SK
44%
Letonia LV
41%
Países Bajos NL
38%
Croacia HR
34%
Ucrania UA
31%
Suiza CH
28%
Reino Unido GB
28%
Irlanda IE
28%
Montenegro ME
28%
Eslovenia SI
25%
Bosnia y Herzegovina BA
19%
Serbia RS
19%
Estonia EE
16%
Macedonia del Norte MK
16%
Bielorrusia BY
13%
No se encontraron pruebas coincidentes
Distribución de puntuación
Porcentaje de gente con cada puntuación
Porcentaje por número respondido
Historial de tus puntuaciones
No has intentado esta prueba.